000 01348nam0a22002891 4500
001 rc\3724874
005 20130115153611.8
021 _aRU
_b[73-29403]
035 _a(NLR Aleph) 007863202
090 _a7809940
_c7809940
100 _a20130115d1973 |||y0rusy50 ca
101 0 _arus
102 _aRU
105 _aa z |||||
200 1 _aТехнология возделывания кукурузы на орошаемых землях
_eОбзор
_fМолд. науч.-исслед. ин-т науч.-техн. информации и техн.-экон. исследований при Госплане МССР "МолдНИИНТИ"
210 _aКишинев
_cБ. и.
_d1973
215 _a66 с.
_cчерт.
_d21
300 _aАвт. указан в вып. дан.
320 _aСписки лит.: с. 64-66 (36 назв.)
606 _aКукуруза
_xВозделывание в орошаемых районах
_yМССР
_2psbo
700 1 _aСимонов
_bА. С.
_gАнатолий Степанович
712 0 2 _aМолдавский науч.-исслед. ин-т науч.-техн. информации и науч.-техн. исследований
_cКишинев
_3RU\NLR\AUTH\8810062638
801 0 _aRU
_bNLR
_gpsbo
801 1 _aRU
_bELAR
_2rusmarc
852 _aNLR
_j73-6/2731
942 _cBOOK
980 _aNB